[Event "British Rapidplay"]
[Site "Peterborough"]
[Date "2024.03.03"]
[Round "10"]
[White "Dicen, Elis Denele"]
[Black "Borrowdale, Graham E"]
[Result "1-0"]
[WhiteElo "1915"]
[BlackElo "1948"]
[PlyCount "109"]
[EventDate "2024.03.02"]
[EventType "swiss (rapid)"]
[EventRounds "11"]
[EventCountry "ENG"]
[SourceTitle "CB10_2024"]
[SourceDate "2024.03.06"]
[SourceVersion "1"]
[SourceVersionDate "2024.03.06"]
[SourceQuality "1"]

1. d4 Nf6 2. c4 e6 3. Nc3 Bb4 4. e3 c5 5. Nge2 Nc6 6. a3 Bxc3+ 7. Nxc3 cxd4 8. exd4 d5 9. cxd5 Nxd5 10. Bc4 0-0 11. 0-0 Nb6 12. Bd3 Nxd4 13. Be3 e5 14. Qh5 f5 15. Rad1 Qf6 16. Rfe1 Bd7 17. Bg5 Qd6 18. Bb1 Rae8 19. Qh4 Bc6 20. Ba2+ Kh8 21. b4 Nd5 22. Nxd5 Bxd5 23. Bxd5 Qxd5 24. Be7 Rf7 25. Bc5 Qc6 26. Bxd4 exd4 27. Qxd4 Rxe1+ 28. Rxe1 h6 29. h3 Rd7 30. Qxa7 Qc3 31. Qe3 Rd3 32. Qe8+ Kh7 33. Qe6 Qf6 34. Qxf6 gxf6 35. Re3 Rd1+ 36. Kh2 Kg6 37. Kg3 Rd4 38. Rc3 f4+ 39. Kf3 Kf5 40. Rc5+ Kg6 41. Ke2 Rd6 42. a4 Ra6 43. a5 Rd6 44. Rb5 Rd7 45. Kf3 Rd3+ 46. Kxf4 Rd7 47. g4 Rd4+ 48. Kg3 Rd3+ 49. f3 Rd7 50. h4 Re7 51. Rb6 Kg7 52. b5 Rd7 53. a6 bxa6 54. bxa6 Kg6 55. Rb7 1-0

[Event "British Rapidplay"]
[Site "Peterborough"]
[Date "2024.03.02"]
[Round "4"]
[White "He, Tom Junde"]
[Black "Borrowdale, Graham E"]
[Result "0-1"]
[WhiteElo "1783"]
[BlackElo "1948"]
[PlyCount "158"]
[EventDate "2024.03.02"]
[EventType "swiss (rapid)"]
[EventRounds "11"]
[EventCountry "ENG"]
[SourceTitle "CB10_2024"]
[SourceDate "2024.03.06"]
[SourceVersion "1"]
[SourceVersionDate "2024.03.06"]
[SourceQuality "1"]

1. d4 Nf6 2. Nf3 e6 3. c4 b6 4. g3 Bb7 5. Bg2 Be7 6. Nc3 Ne4 7. Qc2 Nxc3 8. Qxc3 0-0 9. 0-0 f5 10. h4 Bf6 11. Bf4 d6 12. Rfd1 Qe7 13. Bg5 h6 14. Bxf6 Qxf6 15. Rac1 Nd7 16. Ne5 dxe5 17. Bxb7 Rad8 18. dxe5 Qxe5 19. Rd4 c5 20. Rd3 Qxc3 21. Rcxc3 Kf7 22. Re3 Nf6 23. Ra3 a5 24. Rad3 Ng4 25. Rxd8 Rxd8 26. Rb3 Rd6 27. e4 g6 28. Kg2 Ne5 29. exf5 gxf5 30. Ba6 Nd3 31. a3 Ne1+ 32. Kf1 Nc2 33. Rc3 Nd4 34. Bb7 Kf6 35. f3 h5 36. Kf2 e5 37. Bd5 Rd7 38. Re3 Re7 39. Re1 f4 40. g4 hxg4 41. fxg4 Nc2 42. g5+ Kg7 43. Re2 Ne3 44. Kf3 Kg6 45. Rxe3 fxe3 46. Kxe3 Kf5 47. Be4+ Kg4 48. g6 Kxh4 49. Bd5 Kg5 50. Bf7 Kf6 51. Ke4 Rd7 52. Bd5 Re7 53. Bf7 Kg7 54. a4 Kf6 55. b3 Kg7 56. Bd5 Kxg6 57. Bc6 Kf6 58. Bd5 Rh7 59. Bc6 Rh4+ 60. Ke3 e4 61. Bxe4 Ke5 62. Bc6 Rh3+ 63. Kd2 Kd4 64. Kc2 Rh2+ 65. Kc1 Kc3 66. Kd1 Rb2 67. Kc1 Rxb3 68. Kd1 Rb2 69. Kc1 Rf2 70. Kd1 Kxc4 71. Ke1 Rb2 72. Kd1 Kc3 73. Kc1 c4 74. Bf3 Rf2 75. Bg4 Rf1+ 76. Bd1 Rh1 77. Kb1 Rxd1+ 78. Ka2 Re1 79. Ka3 Ra1# 0-1

[Event "BCF-chT2 2324 (4NCL)"]
[Site "England"]
[Date "2023.11.11"]
[Round "2.42"]
[White "Borrowdale, Graham E"]
[Black "Finn, Peter"]
[Result "0-1"]
[WhiteElo "1941"]
[BlackElo "2177"]
[PlyCount "80"]
[EventDate "2023.11.11"]
[EventType "team-tourn"]
[EventRounds "11"]
[EventCountry "ENG"]
[SourceTitle "CB46_2023"]
[SourceDate "2023.11.15"]
[SourceVersion "1"]
[SourceVersionDate "2023.11.15"]
[SourceQuality "1"]
[WhiteTeam "Cambridge University II"]
[BlackTeam "CSC/Kingston"]
[WhiteTeamCountry "ENG"]
[BlackTeamCountry "ENG"]

1. c4 e6 2. Nc3 d5 3. d4 Nf6 4. Nf3 Bb4 5. cxd5 exd5 6. Qb3 Nc6 7. a3 Bxc3+ 8. bxc3 Ne4 9. e3 0-0 10. c4 dxc4 11. Bxc4 Na5 12. Qc2 Nxc4 13. Qxc4 Be6 14. Qe2 c5 15. 0-0 c4 16. Qc2 Qd5 17. a4 Rfc8 18. Ne1 f5 19. Rb1 a6 20. Ba3 c3 21. Nf3 b5 22. a5 Qa2 23. Qxa2 Bxa2 24. Ra1 Bd5 25. Rfc1 c2 26. Ne1 Bb3 27. Bb4 Nc3 28. Bxc3 Rxc3 29. Kf1 Bc4+ 30. Kg1 Bb3 31. Kf1 f4 32. e4 Bc4+ 33. Kg1 Bb3 34. Kf1 Rac8 35. Ke2 b4 36. Kd2 R8c4 37. Nf3 Rxf3 38. gxf3 Rxd4+ 39. Ke2 Bc4+ 40. Ke1 b3 0-1

[Event "BCF-chT 2122 (4NCL)"]
[Site "England"]
[Date "2021.11.27"]
[Round "1.36"]
[White "Grieve, Harry"]
[Black "Borrowdale, Graham E"]
[Result "1-0"]
[WhiteElo "2384"]
[BlackElo "1994"]
[PlyCount "55"]
[EventDate "2021.11.27"]
[EventType "team-swiss"]
[EventRounds "11"]
[EventCountry "ENG"]
[SourceTitle "EXT 2023"]
[Source "ChessBase"]
[SourceDate "2022.10.05"]
[SourceVersion "1"]
[SourceVersionDate "2022.10.05"]
[SourceQuality "1"]
[WhiteTeam "Guildford Young Guns"]
[BlackTeam "Kings Head"]
[WhiteTeamCountry "ENG"]
[BlackTeamCountry "ENG"]

1. d4 e6 2. Nf3 Nf6 3. Bg5 c5 4. e3 Be7 5. Nbd2 b6 6. c3 Bb7 7. Bd3 h6 8. Bh4 0-0 9. 0-0 Nc6 10. Qb1 cxd4 11. exd4 Nh5 12. Bxe7 Qxe7 13. Re1 Nf4 14. Bf1 f5 15. g3 Nh5 16. Bg2 f4 17. Ne5 fxg3 18. fxg3 Rf6 19. Ng4 Rff8 20. Ne5 Nxe5 21. Bxb7 Qg5 22. Rxe5 Qxd2 23. Bxa8 Qf2+ 24. Kh1 Nxg3+ 25. hxg3 Qxg3 26. Re2 d5 27. Qg1 Qh3+ 28. Rh2 1-0

[Event "BCF-chT3S 1415 (4NCL)"]
[Site "England"]
[Date "2014.11.15"]
[Round "2.99"]
[White "Humphreys, Jerry"]
[Black "Borrowdale, Graham E"]
[Result "1-0"]
[WhiteElo "2045"]
[BlackElo "1995"]
[PlyCount "81"]
[EventDate "2014.11.15"]
[EventType "team-swiss"]
[EventRounds "6"]
[EventCountry "ENG"]
[SourceTitle "CBM 163 Extra"]
[Source "ChessBase"]
[SourceDate "2014.12.23"]
[SourceVersion "1"]
[SourceVersionDate "2014.12.23"]
[SourceQuality "1"]
[WhiteTeam "Downend & Fishponds"]
[BlackTeam "Surbiton"]
[WhiteTeamCountry "ENG"]
[BlackTeamCountry "ENG"]

1. c4 Nf6 2. Nc3 c5 3. Nf3 e6 4. g3 d5 5. cxd5 exd5 6. d4 Nc6 7. Bg2 Be7 8. 0-0 0-0 9. Bg5 cxd4 10. Nxd4 h6 11. Nxc6 bxc6 12. Bd2 Rb8 13. Qc2 Be6 14. b3 Qd7 15. Rfe1 Rfd8 16. Rad1 Bf5 17. e4 Bh3 18. Bh1 d4 19. Bf4 Rbc8 20. e5 Nh5 21. Bc1 Bb4 22. Ne4 d3 23. Qc4 Bxe1 24. Rxe1 Qd4 25. Qxd4 Rxd4 26. Be3 Rdd8 27. Bf3 f5 28. Nd6 Bg4 29. Bxg4 fxg4 30. Nxc8 Rxc8 31. Rd1 Rd8 32. Bxa7 Kf7 33. Bb6 Rd5 34. a4 Rxe5 35. a5 Nf6 36. a6 Nd7 37. Bc7 Re2 38. b4 Ne5 39. a7 Nf3+ 40. Kg2 Ra2 41. Ba5 1-0

[Event "BCF-chT3 0910 (4NCL)"]
[Site "England"]
[Date "2010.03.28"]
[Round "8.3"]
[White "Borrowdale, Graham E"]
[Black "Calvert, David Ian"]
[Result "1-0"]
[WhiteElo "2074"]
[BlackElo "2020"]
[PlyCount "117"]
[EventDate "2009.10.24"]
[EventType "team-tourn"]
[EventRounds "11"]
[EventCountry "ENG"]
[SourceTitle "EXT 2011"]
[Source "ChessBase"]
[SourceDate "2010.11.26"]
[SourceVersion "1"]
[SourceVersionDate "2010.11.26"]
[SourceQuality "1"]
[WhiteTeam "FCA Solutions II"]
[BlackTeam "Iceni"]
[WhiteTeamCountry "ENG"]
[BlackTeamCountry "ENG"]

1. c4 c6 2. Nf3 Nf6 3. Nc3 d5 4. d4 dxc4 5. a4 Bf5 6. e3 e6 7. Bxc4 Bb4 8. 0-0 Nbd7 9. Qe2 Bg4 10. h3 Bxf3 11. Qxf3 0-0 12. Rd1 Qa5 13. e4 e5 14. d5 Rac8 15. dxc6 Rxc6 16. Bb5 Rd6 17. Rxd6 Bxd6 18. Qd3 Qc7 19. Bxd7 Qxd7 20. Be3 Bb8 21. Qxd7 Nxd7 22. Rd1 Nf6 23. Bg5 Rc8 24. Rd3 a6 25. Bxf6 gxf6 26. g4 Ba7 27. Kg2 Kg7 28. b3 Bd4 29. Ne2 Bb6 30. Ng3 Rc2 31. Nh5+ Kg6 32. Rf3 Bd8 33. Ng3 b5 34. axb5 axb5 35. Nf5 b4 36. Ne3 Rc8 37. Nd5 Rb8 38. h4 h6 39. h5+ Kg7 40. Rd3 Rb7 41. Ne3 Be7 42. Rd5 Kh7 43. Kf3 Rc7 44. Ke2 Bc5 45. Nc4 Bd4 46. Rb5 Ra7 47. Ra5 Rc7 48. Ra4 Bc3 49. Ne3 Kg7 50. Nd5 Rc6 51. f3 Kh7 52. Nxb4 Rb6 53. Nd5 Rxb3 54. Nxf6+ Kg7 55. Ne8+ Kf8 56. Ra8 Rb2+ 57. Kd3 Bd2 58. Nd6+ Ke7 59. Nc4 1-0

[Event "BCF-chT2b 0910 (4NCL)"]
[Site "England"]
[Date "2010.02.20"]
[Round "5.6"]
[White "Clarke, Brandon GI"]
[Black "Borrowdale, Graham E"]
[Result "1-0"]
[WhiteElo "2058"]
[BlackElo "2074"]
[PlyCount "43"]
[EventDate "2009.10.24"]
[EventType "team-tourn"]
[EventRounds "11"]
[EventCountry "ENG"]
[SourceTitle "EXT 2010"]
[Source "ChessBase"]
[SourceDate "2010.11.25"]
[SourceVersion "1"]
[SourceVersionDate "2010.11.25"]
[SourceQuality "1"]
[WhiteTeam "Warwicks Select"]
[BlackTeam "FCA Solutions"]
[WhiteTeamCountry "ENG"]
[BlackTeamCountry "ENG"]

1. d4 e6 2. e4 d5 3. e5 c5 4. c3 Nc6 5. Nf3 Nh6 6. a3 Nf5 7. b4 cxd4 8. cxd4 Be7 9. Nc3 0-0 10. h4 f6 11. g4 Nfxd4 12. Nxd4 Nxd4 13. Qxd4 fxe5 14. Qxe5 Bf6 15. Qg3 Qb6 16. Ra2 Qc6 17. Ne2 d4 18. Bg2 Qc4 19. Rd2 e5 20. g5 Be7 21. Qxe5 Be6 22. Rxd4 1-0

[Event "BCF-chT3 0809 (4NCL)"]
[Site "Hinckley Island"]
[Date "2008.12.06"]
[Round "3.1"]
[White "Borrowdale, Graham E"]
[Black "Ackley, Peter JE"]
[Result "1/2-1/2"]
[WhiteElo "2035"]
[BlackElo "2112"]
[PlyCount "45"]
[EventDate "2008.10.18"]
[EventType "team-swiss"]
[EventRounds "11"]
[EventCountry "ENG"]
[SourceTitle "EXT 2010"]
[Source "ChessBase"]
[SourceDate "2010.11.25"]
[SourceVersion "1"]
[SourceVersionDate "2010.11.25"]
[SourceQuality "1"]
[WhiteTeam "FCA Solutions II"]
[BlackTeam "Mindsports"]
[WhiteTeamCountry "ENG"]
[BlackTeamCountry "ENG"]

1. c4 e6 2. Nf3 f5 3. g3 Nf6 4. Bg2 Be7 5. 0-0 0-0 6. Nc3 d6 7. d4 a5 8. b3 Ne4 9. Bb2 Nxc3 10. Bxc3 Qe8 11. Qd2 a4 12. b4 Nd7 13. Ne1 Nb6 14. Qd3 d5 15. c5 Nc4 16. Nf3 Bd7 17. Nd2 Bb5 18. Nxc4 Bxc4 19. Qe3 Bf6 20. f4 Qe7 21. Bd2 h6 22. h4 h5 23. a3 1/2-1/2